004860000a22001210004500090001700000245011600017041001400133700004200147100003900189942001300228773010600241999001700347 aASbSeriadas10aCuatro nuevas especies y una nueva variedad de Pentacalia () para la flora de Colombia0 aEspañol1 aMéndez Ramírez, Gina Paola9991061 aDíaz Piedrahita, Santiago995842 cARTICULO1 tRevista de la Academia Colombiana de Ciencias Exactas, Fisicas y Naturales332h83q187-192d1998g22 c14084d14084